000
00251nam a2200097Ia 4500
008
220216s9999 xx 000 0 und d
245
0
_a
Natural rubber: Longer-range prospects for supply
260
_b
Rubber Trends
_c
1995
300
_a
21-29
942
_c
JS
999
_c
63677
_d
63677